Dynamic response of pile foundations, analytical aspects : proceedings of a session at the ASCE national convention, October 30, 1980 /

Bibliographic Details
Corporate Author: American Society of Civil Engineers. Geotechnical Engineering Division
Other Authors: O'Neill, Michael W., Dobry, Ricardo
Format: Book
Language:English
Published: New York, N.Y. : American Society of Civil Engineers, [1980]
Subjects:

MARC

Tag First Indicator Second Indicator Subfields
LEADER 00000cam a2200000 a 4500
001 in00000079361
005 20151008060834.0
008 810107s1980 nyua b 10100 engm
010 |a  80069151  
020 |a 0872622576 (pbk.) 
035 |a (OCoLC)07206726 
035 |9 AAJ6697AM 
040 |a DLC  |c DLC  |d m.c.  |d TXA  |d UtOrBLW 
049 |a TXAM  |c [1805178] 
050 0 0 |a TA780  |b .D96 
082 0 |a 624.1/54  |2 19 
245 0 0 |a Dynamic response of pile foundations, analytical aspects :  |b proceedings of a session at the ASCE national convention, October 30, 1980 /  |c sponsored by the Geotechnical Engineering Division ; Michael W. O'Neill and Ricardo Dobry, editors. 
264 1 |a New York, N.Y. :  |b American Society of Civil Engineers,  |c [1980] 
264 4 |c ©1980 
300 |a v, 112 pages :  |b illustrations ;  |c 22 cm. 
336 |a text  |b txt  |2 rdacontent 
337 |a unmediated  |b n  |2 rdamedia 
338 |a volume  |b nc  |2 rdacarrier 
504 |a Includes bibliographical references and indexes. 
650 0 |a Piling (Civil engineering)  |x Testing. 
700 1 |a O'Neill, Michael W. 
700 1 |a Dobry, Ricardo. 
710 2 |a American Society of Civil Engineers.  |b Geotechnical Engineering Division. 
999 |a MARS 
999 f f |s 5ad0e8a8-93f5-3fdc-ba89-7c3dc8fe38ce  |i 3dc303a2-0577-3a8f-a9f4-f101d743693b  |t 0 
952 f f |p normal  |a Texas A&M University  |b College Station  |c Sterling C. Evans Library  |d Evans: Library Stacks  |t 0  |e TA780 .D96  |h Library of Congress classification  |i unmediated -- volume  |m A14806243962 
998 f f |a TA780 .D96  |t 0  |l Evans: Library Stacks